书目信息 |
| 题名: |
教儿童学会思考
|
|
| 作者: | 费舍尔 著 ;蒋立珠 译 | |
| 分册: | ||
| 出版信息: | 北京 北京师范大学出版社 2007 |
|
| 页数: | 241页 | |
| 开本: | 23cm | |
| 丛书名: | 当代西方教师教育译丛 | |
| 单 册: | ||
| 中图分类: | B844.1 , B804 | |
| 科图分类: | ||
| 主题词: | 儿童--思维--能力培养 , 儿童 , 能力培养 , 思维 , 思维科学 | |
| 电子资源: | ||
| ISBN: | 978-7-303-08459-3 | |
| 000 | 01257oam2 2200361 450 | |
| 001 | 0936401987 | |
| 005 | 20090927100940.71 | |
| 010 | @a978-7-303-08459-3@dCNY28.00 | |
| 100 | @a20071221d2007 em y0chiy50 ea | |
| 101 | 1 | @achi@ceng |
| 102 | @aCN@b110000 | |
| 105 | @ay z 000yy | |
| 106 | @ar | |
| 200 | 1 | @a教儿童学会思考@Ajiao er tong xue hui si kao@dTeaching thinking@f(英)罗伯特·费舍尔(Robert Fisher)著@g蒋立珠译@zeng |
| 210 | @a北京@c北京师范大学出版社@d2007 | |
| 215 | @a241页@d23cm | |
| 225 | 2 | @a当代西方教师教育译丛 |
| 305 | @a英国Continuum International Publishing Group授权出版 | |
| 330 | @a本书探讨了我们怎样在日常生活中与儿童共同交流、一起思考,探索了如何鼓励儿童在家或在学校通过“哲学诘问”进行批批判性和创造性思考,并提出了促进与儿童小组进行讨论的各种方法。 | |
| 461 | 0 | @1001003336370 |
| 510 | 1 | @aTeaching thinking@zeng |
| 606 | 0 | @a儿童@x思维@x能力培养 |
| 606 | 0 | @a儿童 |
| 606 | 0 | @a能力培养 |
| 606 | 0 | @a思维 |
| 606 | 0 | @a思维科学 |
| 690 | @aB844.1@v4 | |
| 690 | @aB804@v4 | |
| 701 | 0 | @c(英)@a费舍尔@c(Fisher, Robert)@Afei she er@4著 |
| 702 | 0 | @a蒋立珠@Ajiang li zhu@4译 |
| 801 | 0 | @aCN@b110019@c20070720 |
| 801 | 2 | @aCN@b110019@c20070720 |
| 905 | @a10447@dB804@eJY19 | |
| 教儿童学会思考=Teaching thinking/(英)罗伯特·费舍尔(Robert Fisher)著/蒋立珠译.-北京:北京师范大学出版社,2007 |
| 241页;23cm .-(当代西方教师教育译丛 ) |
| ISBN 978-7-303-08459-3:CNY28.00 |
| 本书探讨了我们怎样在日常生活中与儿童共同交流、一起思考,探索了如何鼓励儿童在家或在学校通过“哲学诘问”进行批批判性和创造性思考,并提出了促进与儿童小组进行讨论的各种方法。 |
| ● |
| 相关链接 |
|
|
|
|
正题名:教儿童学会思考
索取号:B804/JY19
 
预约/预借
| 序号 | 登录号 | 条形码 | 馆藏地/架位号 | 状态 | 备注 |
| 1 | 7804762 | 278047622 | 学院路分馆/ [索取号:B804/JY19] | 在馆 | |
| 2 | 7804763 | 278047631 | 学院路分馆/ [索取号:B804/JY19] | 在馆 |